Statystyki dla Państwa najbliżej Tajlandii

Kliknij tutaj aby rozwiązać quiz!

Ogólne statystyki

  • Ten quiz został rozwiązany 9 razy
  • Średni wynik to 14 z 15

Statystyki odpowiedzi

odległośćPaństwo% Poprawnych
110kmChiny
100%
591kmIndie
100%
277kmIndonezja
100%
0kmKambodża
100%
0kmLaos
100%
0kmMalezja
100%
0kmMjanma
100%
88kmWietnam
100%
1444kmFilipiny
88%
520kmSingapur
88%
1743kmTajwan
88%
991kmBhutan
75%
1438kmBrunei
75%
1256kmNepal
75%
577kmBangladesz
63%

Rozkład punktacji

Percentyl według liczby udzielonych odpowiedzi

Procent ludzi z każdym wynikiem

Twoja historia wyników

Nie rozwiązałeś tego quizu